Quiz Top 14 saison 2020-2021. - Statistiques

Statistiques générales
  • Ce quiz a été pris 75 fois
  • Le résultat moyen est 4 sur 9
Statistiques - réponses
Question Réponse % Correct
Quel joueur a été nommé meilleur joueur du Top 14 (Nuit du Rugby 2021)? Antoine Dupont
100%
Quel club a échoué en finale? Stade rochelais
100%
Quel est le meilleur marqueur d'essais de la compétition? (14 essais) Josua Tuisova (Lyon OU)
67%
Quel club est sacré champion à la fin de la saison? Stade toulousain
67%
Qui est le meilleur plaqueur? (293 plaquages) Martin Puech (Section Paloise)
33%
Quels clubs descendent en ProD2? SU Agen - Aviron bayonnais
33%
Quels clubs sont montés de ProD2 en début saison? Aucun
0%
Quel joueur a inscrit le plus de point? (321 points) Benjamin Urdapilleta (Castres olympique)
0%
Quel est le tenant du titre au début de la compétition? Stade toulousain
0%
Aucun quiz correspondant
Distribution des résultats
% des personnes avec chaque résultat
Percentile par nombre de réponses
Votre historique - résultats
Vous n’avez pas pris ce quiz